000 00335nam a2200133Ia 4500
008 240624s9999 xx 000 0 und d
041 _aeng
082 _a338.3040973 KHA
100 _aKHANNA R O
245 _aENTREPRENEURIAL NATION
260 _c2012
_aNew Delhi
_bTata McGraw-Hill
300 _a256 : p. : cm. ; 28
365 _cRS
_b33
999 _c26114
_d26114